| 000 | 00898nam a2200229 a 4500 | ||
|---|---|---|---|
| 999 |
_c5459 _d5459 |
||
| 001 | 5459 | ||
| 003 | BD-JhCC | ||
| 005 | 20171219122936.0 | ||
| 008 | 171214s2014 bg a|||| || | 000 0 ben d | ||
| 035 | _a(BD-JhCC)5459 | ||
| 040 |
_aBD-JhCC _dBD-JhCC |
||
| 041 | _aben | ||
| 082 |
_a515 _bISL 2014 |
||
| 100 | _aইসলাম, মোঃ নজরুল | ||
| 245 |
_aউচ্চতর গণিত দ্বিতীয় পত্র একাদশ-দ্বাদশ শ্রেণি / _cমোঃ নজরুল ইসলাম, মোঃ কেতাব উদ্দীন |
||
| 260 |
_aঢাকা : _bজাতীয় শিক্ষাক্রম পাঠ্যপুস্তক বোর্ড, _c2014. |
||
| 300 |
_a313 p. : _c24 cm. |
||
| 650 | _aMathematics Analysis | ||
| 700 | _a উদ্দীন, মোঃ কেতাব | ||
| 942 |
_2ddc _cBK |
||